Adendum de monografía : desarrollo del sistema web de gestión del ciclo de venta de sistemas flexibles de irrigación agrícola de Ideal tecnologías de Nicaragua GOTA

Presenta una guía al usuario, a través de descripciones y capturas de pantallas del sistema para que haga un uso correcto del sistema WEB GOTA, este sistema es una aplicación web que permitirá llevar un control de los datos que se obtienen durante el ciclo de venta ejecutada en iDEal tecnología...

Full description

Bibliographic Details
Main Authors: Rojas Sánchez, Wilbert Antonio, Pravia Reyes, Ronald Aarón
Other Authors: Tutor: Valle Izaguirre, Flor de María
Format: Tesis Section = Libro
Language:Undetermined
Spanish
Published: Managua UNI 2015
Subjects:
LEADER 01204nam a2200253Ia 4500
008 240830s9999 xx 000 0 und d
040 |a BIBLIOTECA-RUSB/ Mon 005.1 R741a 
041 |a spa 
082 |a Mon 005.1 R741a 
100 1 |a Rojas Sánchez, Wilbert Antonio 
100 1 |b Pravia Reyes, Ronald Aarón 
245 1 0 |a Adendum de monografía : desarrollo del sistema web de gestión del ciclo de venta de sistemas flexibles de irrigación agrícola de Ideal tecnologías de Nicaragua GOTA 
260 |a Managua  |b UNI  |c 2015 
300 |a 106 p. :il. 
502 |a Tesis (Ingeniero en Computación) - UNI, 2015. 
520 3 |a Presenta una guía al usuario, a través de descripciones y capturas de pantallas del sistema para que haga un uso correcto del sistema WEB GOTA, este sistema es una aplicación web que permitirá llevar un control de los datos que se obtienen durante el ciclo de venta ejecutada en iDEal tecnologías de Nicaragua. 
650 7 |a INGENIERIA DE SOFTWARE 
650 7 |b  MANUAL TECNICO 
650 7 |c  SISTEMA WEB GOTA 
650 7 |d  PROGRAMACION-INGENENIERIA I 
700 1 |a Tutor:  |b Valle Izaguirre, Flor de María 
942 |c BK  |2 ddc 
991 |a TESIS 
999 |c 19700